Top 100 persos de One Piece - Statistiques

Statistiques générales
  • Ce quiz a été pris 814 fois
  • Le résultat moyen est 52 sur 100
Statistiques - réponses
Hint Réponse % Correct
1 Monkey D. Luffy
100%
3 Nami
99%
2 Roronoa Zoro
99%
4 Vinsmoke Sanji
97%
6 Nico Robin
94%
16 Tony Tony Chopper
94%
9 Portgas D. Ace
92%
28 Franky
91%
12 Shanks
91%
65 Kaido
90%
15 Usopp
90%
26 Brook
89%
86 Charlotte Linlin
89%
10 Sabo
88%
31 Edward Newgate
87%
46 Marshall D. Teach
87%
18 Jinbe
85%
5 Trafalgar D. Water Law
85%
20 Donquichotte Doflamingo
84%
84 Gin
83%
44 Monkey D. Garp
83%
17 Crocodile
81%
29 Gol D. Roger
81%
23 Eustass Captain Kid
80%
53 Sakazuki / Akainu
79%
36 Kuzan / Aokiji
78%
62 Monkey D. Dragon
78%
7 Boa Hancock
75%
59 Borsalino / Kizaru
75%
30 Dracule Mihawk
75%
14 Charlotte Katakuri
74%
98 Bartholomew Kuma
72%
19 Marco
72%
34 Baggy
71%
21 Nefertari Vivi
71%
74 Gecko Moria
70%
33 Silvers Rayleigh
64%
42 Koby
61%
24 Kozuki Oden
61%
27 Smoker
61%
92 Kinémon
59%
52 Issho / Fujitora
58%
43 Rob Lucci
58%
35 Ener
56%
55 Killer
56%
57 Ben Beckman
55%
22 Bentham / Bonclay
55%
82 Basil Hawkins
53%
8 Carrot
52%
79 Emporio Ivankov
52%
85 Jewelry Bonney
52%
41 X Drake
51%
11 Yamato
51%
77 Kaku
50%
38 Tashigi
50%
91 César Clown
49%
70 Urouge
48%
68 Rebecca
47%
40 Bartolomeo
45%
13 Donquichotte Rossinante
45%
99 Charlotte Cracker
44%
45 Charlotte Pudding
41%
61 Pedro
40%
94 Vista
40%
64 Bepo
39%
25 Perona
39%
73 Cavendish
36%
95 Charlotte Perospero
36%
58 Koala
36%
93 Zeff
34%
50 Shiraoshi
33%
39 Vinsmoke Reiju
33%
48 Izo
29%
81 Belmer
25%
32 Vogue Merry
25%
54 O-Tama
24%
76 Monet
23%
63 Thousand Sunny
23%
51 Pell
22%
67 Dr. Hiluluk
21%
75 Kaloo
21%
47 Kikunojo
21%
56 Ulti
19%
83 Denjiro
18%
49 Kozuki Hiyori
18%
72 Senor Pink
18%
96 Kawamatsu
16%
88 Wiper
16%
69 Paulie
15%
100 Shushu
12%
60 Gaimon
11%
97 Pandaman
10%
90 Charlotte Mont-D'Or
9%
87 Margaret
9%
80 Morgans
8%
37 Hoop Slap
5%
66 Rockstar
4%
71 Namur
3%
89 Kung-Fu Dugong
2%
78 Orlombus
1%
Aucun quiz correspondant
Distribution des résultats
% des personnes avec chaque résultat
Percentile par nombre de réponses
Votre historique - résultats
Vous n’avez pas pris ce quiz